| 000 | 01006nam a22002297a 4500 | ||
|---|---|---|---|
| 001 | 65326 | ||
| 003 | BD-RjUL | ||
| 005 | 20211209081417.0 | ||
| 008 | 170304s bg ||||| |||| 001 0 ben d | ||
| 020 | _c Tk. : 15.00 | ||
| 035 | _a(BD-RjUL)65456 | ||
| 040 |
_aBD-RjUL _bben _cBD-RjUL |
||
| 041 | _aben | ||
| 082 |
_223 _a378.09 _bMOD 1982 |
||
| 100 | 1 |
_aমনিরুজ্জামান, মোহাম্মদ _9193350 |
|
| 245 | 1 | 0 |
_aঢাকা বিশ্ববিদ্যালয়ের বাংলা বিভাগের ইতিহাস (১৯২১-১৯৮১) / _cমোহাম্মদ মনিরুজ্জামান. |
| 260 |
_aঢাকা : _bঢাকা বিশ্ববিদ্যালয়, _c১৯৮২. |
||
| 300 |
_a[৪], ১১২ পৃ. ; _c২৩ সেমি. |
||
| 650 |
_aবিশ্ববিদ্যালয়ের শিক্ষা _xইতিহাস _9193351 |
||
| 650 |
_aUniversity education _xHistory _9193352 |
||
| 942 |
_2ddc _cBK |
||
| 999 |
_c65326 _d65326 |
||